000 00718nam a2200253Ia 4500
003 0100
008 130307s9999 xx 000 0 und d
020 _a1565181646
040 _cARRUPELIB
050 _aLA1131.T68 2002
100 _aTran, Van Doan
245 4 _aThe poverty of ideological education
260 _aWashington, D.C. :
260 _bCouncil for Research in Values and Philosophy
260 _cc2000.
300 _aix
300 _b214 p. 23 cm.
440 _aCultural heritage and contemporary change. Series III, Asia ;v. 13
650 _aEDUCATION
650 _bValles, Carlos G (Carlos Gonzales), 1925-
650 _cJesuits
650 _dMonastic and religious life
942 0 0 _01
999 _c98779
_d98779